| 000 | 00493nam a22001817a 4500 | ||
|---|---|---|---|
| 003 | NUST - PNEC | ||
| 005 | 20170116181205.0 | ||
| 008 | 160328b xxu||||| |||| 00| 0 eng d | ||
| 020 | _a9788130915869 | ||
| 040 | _cLIBRARY | ||
| 082 | _a547.1 MCQ | ||
| 100 |
_916789 _aMcQuarrie, Donald A. |
||
| 245 |
_aMolecular Thermodynamics _cDonald A. McQuarrie |
||
| 260 |
_aNew Delhi _bViva Books _cc.2015 |
||
| 300 | _a656 p. : | ||
| 650 |
_916790 _aPhysical Chemistry _xAS / ME |
||
| 942 |
_2ddc _cBK |
||
| 999 |
_c71627 _d71627 |
||